<?xml version="1.0" encoding="UTF-8"?>
<record
    xmlns:xsi="http://www.w3.org/2001/XMLSchema-instance"
    xsi:schemaLocation="http://www.loc.gov/MARC21/slim http://www.loc.gov/standards/marcxml/schema/MARC21slim.xsd"
    xmlns="http://www.loc.gov/MARC21/slim">

  <leader>00992nam a22002537a 4500</leader>
  <controlfield tag="005">20170123162301.0</controlfield>
  <datafield tag="010" ind1=" " ind2=" ">
    <subfield code="a">A-603571</subfield>
  </datafield>
  <datafield tag="020" ind1=" " ind2=" ">
    <subfield code="c">22.00</subfield>
  </datafield>
  <datafield tag="035" ind1=" " ind2=" ">
    <subfield code="a">A-603571</subfield>
  </datafield>
  <datafield tag="037" ind1=" " ind2=" ">
    <subfield code="b">Cen Lib/Ret</subfield>
  </datafield>
  <datafield tag="040" ind1=" " ind2=" ">
    <subfield code="a">dpl</subfield>
    <subfield code="b">UR</subfield>
  </datafield>
  <datafield tag="082" ind1=" " ind2=" ">
    <subfield code="a">954.022</subfield>
  </datafield>
  <datafield tag="100" ind1=" " ind2=" ">
    <subfield code="a">&#x633;&#x62A;&#x6CC;&#x634; &#x686;&#x646;&#x62F;</subfield>
    <subfield code="9">661</subfield>
  </datafield>
  <datafield tag="245" ind1=" " ind2=" ">
    <subfield code="a"> / &#x645;&#x63A;&#x644; &#x62F;&#x631;&#x628;&#x627;&#x631; &#x6A9;&#x6CC; &#x6AF;&#x631;&#x648;&#x6C1; &#x628;&#x646;&#x62F;&#x628;&#x627;&#x6BA; &#x6A9;&#x6CC; &#x627;&#x648;&#x631; &#x627;&#x646; &#x6A9;&#x6CC; &#x633;&#x6CC;&#x627;&#x633;&#x62A;  </subfield>
    <subfield code="c"> &#x6A9;&#x627;&#x633;&#x645; &#x635;&#x62F;&#x6CC;&#x642;&#x6CC;  &#x645;&#x62A;&#x631;&#x62C;&#x645;; &#x633;&#x62A;&#x6CC;&#x634; &#x686;&#x646;&#x62F;</subfield>
  </datafield>
  <datafield tag="246" ind1=" " ind2=" ">
    <subfield code="a">Mughal darbar ki girobandiyain aur yun ki siyasat /</subfield>
    <subfield code="b">by Satish Chand; translated by kasim siddiqui</subfield>
  </datafield>
  <datafield tag="260" ind1=" " ind2=" ">
    <subfield code="a">&#x627;&#x62A;&#x631; &#x67E;&#x631;&#x62F;&#x6CC;&#x633;</subfield>
    <subfield code="b">&#x634;&#x628;&#x633;&#x62A;&#x627;&#x646;</subfield>
    <subfield code="c">1973</subfield>
  </datafield>
  <datafield tag="270" ind1=" " ind2=" ">
    <subfield code="a">284,&#x634;&#x627;&#x6C1; &#x6AF;&#x646;&#x62C;</subfield>
    <subfield code="b">&#x627;&#x644;&#x6C1; &#x622;&#x628;&#x627;&#x62F;</subfield>
    <subfield code="e">300112</subfield>
  </datafield>
  <datafield tag="300" ind1=" " ind2=" ">
    <subfield code="a">265p. </subfield>
    <subfield code="c">20cm(Hb)</subfield>
  </datafield>
  <datafield tag="650" ind1=" " ind2=" ">
    <subfield code="a">&#x6C1;&#x646;&#x62F;&#x648;&#x633;&#x62A;&#x627;&#x646;&#x6CC; &#x62A;&#x627;&#x631;&#x6CC;&#x62E;</subfield>
    <subfield code="v">&#x6C1;&#x646;&#x62F;&#x648;&#x633;&#x62A;&#x627;&#x646;&#x6CC;</subfield>
    <subfield code="9">137540</subfield>
  </datafield>
  <datafield tag="650" ind1=" " ind2=" ">
    <subfield code="a">&#x6C1;&#x646;&#x62F;&#x648;&#x633;&#x62A;&#x627;&#x646;&#x6CC; &#x62A;&#x627;&#x631;&#x6CC;&#x62E;-&#x645;&#x63A;&#x644; &#x645;&#x62F;&#x62A;-</subfield>
    <subfield code="9">137541</subfield>
  </datafield>
  <datafield tag="650" ind1=" " ind2=" ">
    <subfield code="a">Indian history</subfield>
    <subfield code="v">India</subfield>
    <subfield code="9">137542</subfield>
  </datafield>
  <datafield tag="650" ind1=" " ind2=" ">
    <subfield code="a">Indian history - Mughal Period</subfield>
    <subfield code="9">137543</subfield>
  </datafield>
  <datafield tag="942" ind1=" " ind2=" ">
    <subfield code="2">ddc</subfield>
    <subfield code="c">UR</subfield>
    <subfield code="h">954.022</subfield>
    <subfield code="m">&#x634;&#x6BA; &#x62A; &#x649;</subfield>
  </datafield>
  <datafield tag="999" ind1=" " ind2=" ">
    <subfield code="c">105978</subfield>
    <subfield code="d">105978</subfield>
  </datafield>
  <datafield tag="952" ind1=" " ind2=" ">
    <subfield code="0">0</subfield>
    <subfield code="1">0</subfield>
    <subfield code="4">0</subfield>
    <subfield code="7">1</subfield>
    <subfield code="8">REF</subfield>
    <subfield code="a">L</subfield>
    <subfield code="b">L</subfield>
    <subfield code="d">2015-05-25</subfield>
    <subfield code="e">Cen Lib/Ret</subfield>
    <subfield code="g">22.00</subfield>
    <subfield code="l">0</subfield>
    <subfield code="o">954.022 &#x634;&#x6BA; &#x62A; &#x649;</subfield>
    <subfield code="p">A-603571</subfield>
    <subfield code="r">2015-05-25 00:00:00</subfield>
    <subfield code="t">1</subfield>
    <subfield code="v">22.00</subfield>
    <subfield code="w">2015-05-25</subfield>
    <subfield code="y">UR</subfield>
  </datafield>
</record>
